SALYANGOZ SUYANGOZ VE ARKADAŞLARI (Record no. 734522)

MARC details
000 -LEADER
sabit uzunluktaki kontrol alanı 00267nam a2200097Ia 4500
001 - KONTROL NUMARASI
kontrol alanı 734522
005 - EN SON İŞLEMİN TARİH VE ZAMANI
kontrol alanı 20250826163835.0
008 - SABİT-UZUNLUKTA VERİ ÖĞELERİ--GENEL BİLGİ
sabit uzunluktaki kontrol alanı 250824s9999 xx 000 0 und d
245 #0 - ESER / YAZAR
ESER ADI SALYANGOZ SUYANGOZ VE ARKADAŞLARI
Yazar Adı ŞEBNEM GÜLER KARACAN
260 ## - YAYIN, DAĞITIM, VB.
YAYIN EVİ YEDİVEREN ÇOCUK
Holdings
Düşüm durumu Kayıp durumu Hasar Durumu Ödünç verilmez Ana kütüphane Geçerli Kütüphane Edinilen tarih Toplam ödünç verme sayısı Barkod Son görüntüleme tarihi Fiyatın geçerli olmaya başladığı tarih Koha materyal türü
        MUSTAFA BÜYÜKKAPLAN İMAM HATİP ORTAOKULU (ERKEK) MUSTAFA BÜYÜKKAPLAN İMAM HATİP ORTAOKULU (ERKEK) 24.08.2025   10054324 26.08.2025 26.08.2025 Books